000 00302nam a22001337a 4500
008 170809b xxu||||| |||| 00| 0 eng d
020 _a9780558196905
041 _aeng
080 _a004
100 _a35
101 _aSHKI
245 _aGETTING STARTED WITH WINDOWS XP
_cBOLES, P.F
942 _2udc
_cBK
999 _c22951
_d22951